Facultad de Odontología.  Biblioteca.  Nodo central                      



header.jpg

América Latina en el (Registro nro. 4747)

Detalles MARC
000 -LEADER
campo de control de longitud fija 00647nam a22002057a 4500
003 - IDENTIFICADOR DE NÚMERO DE CONTROL
campo de control OSt
005 - FECHA Y HORA DE LA ÚLTIMA TRANSACCIÓN
campo de control 20250402144240.0
008 - DATOS DE LONGITUD FIJA--INFORMACIÓN GENERAL
campo de control de longitud fija 250402b |||||||| |||| 00| 0 sp d
020 ## - NÚMERO INTERNACIONAL ESTÁNDAR DEL LIBRO
Número Internacional Estándar del Libro 980 6110 528
040 ## - FUENTE DE CATALOGACIÓN
Centro catalogador/agencia de origen cunsuroc
Lengua de catalogación esp
Centro/agencia transcriptor cunsuroc
082 ## - NÚMERO DE LA CLASIFICACIÓN DECIMAL DEWEY
Número de edición 1a. ed.
Número de clasificación 320.2 P438
Número de ítem 1
100 ## - ENTRADA PRINCIPAL--NOMBRE DE PERSONA
Nombre de persona Pérez, Carlos Andrés
9 (RLIN) 11847
245 ## - MENCIÓN DEL TÍTULO
Título América Latina en el
Resto del título umbraldel siglo XXI
Mención de responsabilidad, etc. Pérez, Carlos Andrés
Medio Físico
250 ## - MENCION DE EDICION
Mención de edición 1a. ed.
260 ## - PUBLICACIÓN, DISTRIBUCIÓN, ETC.
Lugar de publicación, distribución, etc. Venezuela:
Nombre del editor, distribuidor, etc. Nueva Sociedad,
Fecha de publicación, distribución, etc. 1989.
300 ## - DESCRIPCIÓN FÍSICA
Extensión 134p;
Dimensiones 23cm.
365 ## - PRECIO COMERCIAL
Cantidad 2
Unidad de precio 87.00
Código ISO del país ve
650 ## - PUNTO DE ACCESO ADICIONAL DE MATERIA--TÉRMINO DE MATERIA
Fuente del encabezamiento o término Democracia Gobernabilidad
942 ## - ELEMENTOS DE ENTRADA SECUNDARIOS (KOHA)
Fuente del sistema de clasificación o colocación Clasificación Decimal Dewey
Tipo de ítem Koha Libros
Edición 1a. ed.
Parte de la signatura que corresponde a la clasificación (Parte de la clasificación) 320.2 P438
Suprimir en OPAC No
Existencias
Estatus retirado Estado de pérdida Fuente del sistema de clasificación o colocación Estado de daño No para préstamo Código de colección Biblioteca de origen Biblioteca actual Ubicación en estantería Fecha de adquisición Fuente de adquisición Información codificada de la localización en otra ubicación Coste, precio normal de compra Número de inventario Total de préstamos Signatura topográfica completa Código de barras Visto por última vez Copia número Precio de reemplazo Tipo de ítem Koha
    Clasificación Decimal Dewey     No ficción BibIioteca Irma Enieé Ramírez Martínez del Centro Universitario de Mazatenango BibIioteca Irma Enieé Ramírez Martínez del Centro Universitario de Mazatenango Colección general 02/04/2025 donado Estantería 87.00 4481   320.2 P438 1 56HB04481 02/04/2025 c. 1 02/04/2025 Libros
    Clasificación Decimal Dewey     No ficción BibIioteca Irma Enieé Ramírez Martínez del Centro Universitario de Mazatenango BibIioteca Irma Enieé Ramírez Martínez del Centro Universitario de Mazatenango Colección general 02/04/2025 donado Estantería 87.00 4482   320.2 P438 1 56HB04482 02/04/2025 c. 2 02/04/2025 Libros